Working Together for Local Integration of Migrants and Refugees

Saved in:
Bibliographic Details
Format: Book
Language:English
Published: Paris OECD 2018
Subjects:
Tags: Add Tag
No Tags, Be the first to tag this record!

MARC

LEADER 00000nam a2200000 4500
001 0243039
005 20221220065920.9
020 |a 978-92-64-08534-3 
041 0 |a eng 
044 |a FR 
245 1 0 |a Working Together for Local Integration of Migrants and Refugees 
264 1 |a Paris  |b OECD  |c 2018 
300 |a 190 s. 
610 2 0 |a integrácia sociálna 
610 2 0 |a migrácia 
610 2 0 |a utečenci 
610 2 0 |a trh práce 
610 2 0 |a vzdelávanie